| 000 | 00382nam a2200145Ia 4500 | ||
|---|---|---|---|
| 008 | 230917s9999||||xx |||||||||||||| ||und|| | ||
| 040 |
_e188316 _aMAIN |
||
| 041 | _aEnglish | ||
| 082 | _a320.5 W644P | ||
| 100 | _aWild, John | ||
| 245 | 0 | _aPlato's modern enemies and theory of natural law | |
| 260 |
_aChicago _bUniversity of Chicago Press _c1953 |
||
| 300 | _a259 p. | ||
| 942 | _cBK | ||
| 999 |
_c87569 _d87569 |
||